000 nam a22 a 4500
999 _c378696
_d378696
003 BLK
005 20200803144940.0
008 200311b bul|||||r ||||||| ||bul||
040 _aBLK
041 _aBUL
_cBUL
080 _aМинно дело. Вж и 528; 549; 553; 624.131; 662.6
_b622
_z622
100 _aСтоянов, Димитър В.
_eпърви автор
_9408176
139 _aСтоянов, Димитър В.
245 1 0 _aПредотвратяване експлозиите на въглищния прах в рудниците чрез защита с инертен прах
_cДимитър В. Стоянов.
257 _aBGR
260 _aСофия
_bПрофиздат
_c1962
300 _a124 с.
_bс ил.
_c18 см
380 _a62
490 _aБиблиотека Охрана на труда
_v50
_9205342
500 _a2 080 тир.
650 0 _aМини - техника на безопасността
_9278750
653 _aRetro_1945-1969_07
852 _aЦб І 5654
856 4 _qpdf
_u
856 4 _qpdf
_u
942 _cKNG
_n0
_s1
944 _aCR
_c2020-08-03
_kВК